00408 2200157 4500001002100000005001500021008004100036020002200077035001900099082000800118090001400126100001900140245003200159260002700191300003200218INLIS00000000002962620241224132805241224||||||||| | ||| |||| ||  a978-602-97912-9-7 0010-12240296260 a384 a384 DAN m0 aDanang Sunyoto00aMatematika Ekonomi & Bisnis aYogyakartabCAPSc2011 aviii + 320 hlm.; 18 x 23 cm